00486nam a2200193 a 4500001001300000003000900013005001700022008004100039020000800080082001500088100002000103245002900123260003800152300000900190500003500199505001700234650002100251700002000272nice12345678IN_TiNIC20260116011525.0050524s0000 lona grp 000 0 eng  ac000a953.8bROS aRosenthal, Eric aFrom Drury Lane to Mecca aLondonbSamson Low, Marstonc0000 a248p aincludes index and biblioraphy2 aIndex, Illus aMecca and Madina1 aRosenthal, Eric